Entry Nombre personal
001 - NÚMERO DE CONTROL
- campo de control: 37198
003 - IDENTIFICADOR DEL NÚMERO DE CONTROL
- campo de control: BNPHU
005 - FECHA Y HORA DE LA ÚLTIMA TRANSACCIÓN
- campo de control: 20250205112415.0
008 - DATOS DE LONGITUD FIJA
- campo de control de longitud fija: 200615|| aca||aabn | a|a d
010 ## - NÚMERO DE CONTROL DE LA BIBLIOTECA DEL CONGRESO
- Número de control de LC: no2009089379
040 ## - FUENTE DE LA CATALOGACIÓN
- Centro catalogador/agencia de origen: DO-SdBNP
- Lengua de catalogación: spa
- Centro/agencia transcriptor: BNPHU
- Normas de descripción: rda
100 1# - ENCABEZAMIENTO-NOMBRE DE PERSONA
- Nombre de persona: Cedeño de Fernández, Margarita
- Fechas asociadas al nombre: 1965-
370 ## - LUGAR ASOCIADO
- Lugar de nacimiento: Santo Domingo (República Dominicana)
372 ## - CAMPO DE ACTIVIDAD
- Campo de actividad: Fue la vicepresidenta de la República Dominicana desde el 16 de agosto de 2012 hasta el 16 de agosto de 2020.
- Campo de actividad: Fue la primera dama de la República Dominicana desde 2004 hasta 2012.
- Campo de actividad: Actualmente es miembro del comité político del Partido de la Liberación Dominicana.
- Campo de actividad: Es doctora en Derecho, cum laude, egresada en 1987 de la Universidad Autónoma de Santo Domingo.
- Campo de actividad: Tiene una maestría magna cum laude en Derecho Empresarial y Legislación Económica, en la Pontificia Universidad Católica Madre y Maestra, en 1995.
- Campo de actividad: Ha realizado estudios relacionados con negociaciones, leyes internacionales y solución de conflictos en las universidades de Georgetown, Harvard y Ginebra, las dos primeras en Estados Unidos y la tercera, en Suiza.
- Campo de actividad: El 30 de enero de 2010 recibió el título de máster en Ciencia Política para el Desarrollo, otorgado por la Universidad de Salamanca.
374 ## - OCUPACIÓN
- Ocupación: Filántropo
- Ocupación: Político
- Ocupación: Abogada
375 ## - GÉNERO/SEXO
- Género/Sexo: Femenino
377 ## - LENGUA/LENGUAJE ASOCIADO
- Código del idioma: spa
400 1# - TRAZADO DE VÉASE--NOMBRE DE PERSONA
- Nombre de persona: Fernández, Margarita Cedeño de
400 1# - TRAZADO DE VÉASE--NOMBRE DE PERSONA
- Nombre de persona: De Fernández, Margarita Cedeño
400 1# - TRAZADO DE VÉASE--NOMBRE DE PERSONA
- Nombre de persona: Cedeño Lizardo, Margarita María
400 1# - TRAZADO DE VÉASE--NOMBRE DE PERSONA
- Nombre de persona: Lizardo, Margarita María Cedeño
670 ## - FUENTE DE DATOS ENCONTRADOS
- Cita de la fuente: Work cat.: (OSt)16318: Cedeño Fernández, Margarita de, Influencia de la situación económica en la adopción de niños, niñas y adolescentes /, 2006.
670 ## - FUENTE DE DATOS ENCONTRADOS
- Cita de la fuente: Discursos de la Primera Dama, 2004-2005, 2007:
- Información encontrada: Portada (Margarita Cedeño de Fernández) p. 4 de cubierta (Primera Dama de la República Dominicana)
670 ## - FUENTE DE DATOS ENCONTRADOS
- Cita de la fuente: Morillo, B. Ramírez. Margarita por dentro, 2012:
- Información encontrada: Página 4, portada (Margarita Cedeño de Fernández) introducción (Margarita Cedeño de Fernández)
670 ## - FUENTE DE DATOS ENCONTRADOS
- Identificador Uniforme del Recurso: https://authorities.loc.gov/cgi-bin/Pwebrecon.cgi?AuthRecID=7918689&v1=1&HC=1&SEQ=20250205105148&PID=gAJ2PYhN3NC7TwDFCGFLE44Mu9RM Consultado en 05 de febrero, 2025
670 ## - FUENTE DE DATOS ENCONTRADOS
- Identificador Uniforme del Recurso: https://es.wikipedia.org/wiki/Margarita_Cede%C3%B1o Consultado en 05 de febrero, 2025
